Využitie Power BI pri spracovaní údajov poisťovní

Gespeichert in:
Bibliographische Detailangaben
1. Verfasser: Strešňáková, Anna, 1976-
Format: Buchkapitel
Sprache:Slowakisch
Schlagworte:
Tags: Tag hinzufügen
Keine Tags, Fügen Sie das erste Tag hinzu!

MARC

LEADER 00000naa$a2200000$$$4500
001 0305449
005 20241205094112.8
041 0 |a slo 
044 |a SK 
245 1 0 |a Využitie Power BI pri spracovaní údajov poisťovní  |c Anna Strešňáková 
500 |a Abstrakt 
610 2 0 |a poisťovne 
610 2 0 |a dáta 
610 2 0 |a automatizácia 
610 2 0 |a inteligencia umelá 
100 1 |a Strešňáková, Anna, 1976-